000 00700nam a2200181 i 4500
001 76454
003 ES-MaACL
005 20230906172839.0
007 t|
008 041001s1911 sp ||||1| spa d
245 0 0 _aGuía de Granada
_b: (Granada, Almería, Málaga y Jaén).
260 _aGranada :
_b[s.n.,
_c1911] (
_fEl Defensor de Granada)
300 _a200 p. ;
_c19 cm.
500 _aPrecede al tit.: Congreso de la Asociación Española para el Progreso de las Ciencias.
710 2 _aAsociación Española para el Progreso de las Ciencias.
_bCongreso (
_n3º.
_d1911.
_cGranada)
_91698
710 2 _aAsociación Española para el Progreso de las Ciencias.
_91705
852 _aES-MaACL
_jD-911
999 _c76454
_d76454